Yoram Elyashiv. (Record no. 33430)

MARC details
000 -LEADER
fixed length control field 00628cam a22002291 4500
001 - CONTROL NUMBER
control field he 68001893
003 - CONTROL NUMBER IDENTIFIER
control field DLC
005 - DATE AND TIME OF LATEST TRANSACTION
control field 20260227111500.0
008 - FIXED-LENGTH DATA ELEMENTS--GENERAL INFORMATION
fixed length control field 840220s1967 is 000 0 heb
010 ## - LIBRARY OF CONGRESS CONTROL NUMBER
LC control number he 68001893
035 ## - SYSTEM CONTROL NUMBER
System control number (OCoLC)19204423
040 ## - CATALOGING SOURCE
Original cataloging agency DLC
Transcribing agency MH
Modifying agency DLC
042 ## - AUTHENTICATION CODE
Authentication code premarc
050 00 - LIBRARY OF CONGRESS CALL NUMBER
Classification number CT1919.P3
Item number E47
245 00 - TITLE STATEMENT
Title Yoram Elyashiv.
260 ## - PUBLICATION, DISTRIBUTION, ETC.
Place of publication, distribution, etc. [Bet Oren] :
Name of publisher, distributor, etc. [ha-Ḳibuts ha-meʼuḥad],
Date of publication, distribution, etc. [1967 or 1968]
300 ## - PHYSICAL DESCRIPTION
Extent 74 p. :
Other physical details ill., facsim., ports. ;
Dimensions 21 cm.
500 ## - GENERAL NOTE
General note Cover title.
600 10 - SUBJECT ADDED ENTRY--PERSONAL NAME
Personal name Elyashiv, Yoram,
Dates associated with a name 1942-1967.
710 1# - ADDED ENTRY--CORPORATE NAME
Corporate name or jurisdiction name as entry element Bet Oren (Israel)
752 ## - ADDED ENTRY--HIERARCHICAL PLACE NAME
Country or larger entity Israel
City Bet Oren

No items available.

Powered by Koha